| 000 | 00336nam a2200121 a 4500 | ||
|---|---|---|---|
| 001 | 000042542 | ||
| 005 | 20201002040225.0 | ||
| 008 | 131211s1969 000 spa d | ||
| 040 |
_aDO-SdBNP _bspa _cBNPHU |
||
| 245 | 0 | _aAntología de la Literatura Española. | |
| 260 |
_aMadrid, : _bAlianza Editorial, _c1969. |
||
| 300 |
_a507 p ; _c19 cm. |
||
| 999 |
_c42031 _d42031 |
||